000 01028nam a2200277 a 4500
001 000025818
003 DO-SdBNP
005 20251211105036.0
008 110222s1971 mx r 000 0 spa d
040 _aDO-SdBNP
_bspa
_cBNPHU
082 4 _a321.8
_bA592t
_222
100 1 _aAngoli, Johannes,
_952645
240 1 0 _aDie Transformation der Demokratie.
_lEspañol.
245 1 0 _aTransformación de la democracia /
_cJohannes Angoli y Peter Bruckner ; Traducción de Carlos Gerhard.
260 _aMéxico, D. F. :
_bSiglo Veintiuno Editores,
_c1971.
490 1 _aEl mundo del hombre. Sociología y política
500 _aIncluye notas al pie de las páginas
504 _aIncluye referencias bibliográficas
534 _aTítulo original:
_tDie Transformation der Demokratie.
650 0 _aDemocracia
_9286
650 0 _aDemocracia
_xHistoria
_9286
700 1 _aGerhard, Carlos
_etr.
_95131
700 1 _aBrückner, Peter
_952647
830 0 _aEl mundo del hombre
_psociología y política
_952648
942 _2ddc
_cLBS1
999 _c25310
_d25310